00000000nas 2200000zi 4500
0019.925947
003CaOODSP
00520250904140847
006m     o  d f      
007cr cn ||||||||
008230804c20119999onctr p o    f0###a0eng|d
022 |a2816-8232
040 |aCaOODSP|beng|erda|cCaOODSP
043 |an-cn---
0861 |aD12-28E-PDF
1101 |aCanada. |bDepartment of National Defence, |eauthor,|eissuing body.
222 0|aQuarterly financial report (QFR) for the quarter ended ...
24510|aQuarterly financial report (QFR) for the quarter ended ... / |cNational Defence.
2463 |aQuarterly financial report for the quarter ended ...
264 1|a[Ottawa] : |bNational Defence, |c[2011]-
310 |aThree times a year
336 |atext|btxt|2rdacontent
337 |acomputer|bc|2rdamedia
338 |aonline resource|bcr|2rdacarrier
3621 |aBegan with: June 30, 2011.
500 |aIssued also in French under title: Rapport financier trimestriel (RFT) pour le trimestre terminé le ...
515 |aAvailable in HTML only, June 30, 2011-December 31, 2021.
588 |aDescription based on: June 30, 2011; title from HTML header.
588 |aLatest issue consulted: December 31, 2022.
61010|aCanada. |bDepartment of National Defence|xFinance|vPeriodicals.
650 0|aFinance, Public|zCanada|vPeriodicals.
655 7|aPeriodicals|2lcgft
77508|tRapport financier trimestriel (RFT) pour le trimestre terminé le ... / |w(CaOODSP)9.925946
85640|qHTML|sN/A|uhttps://www.canada.ca/en/department-national-defence/corporate/reports-publications/quarterly-financial.html